|
|
|
|
| LEADER |
01023nam a2200253 a 4500 |
| 001 |
4646788 |
| 008 |
091227s1980 txua b 001 0 eng d |
| 010 |
|
|
|a 79054422
|
| 020 |
|
|
|a 0256022763
|
| 040 |
|
|
|a DLC
|c DLC
|d DLC
|d BD-DhAAL
|
| 082 |
0 |
0 |
|a 519.5
|
| 100 |
1 |
|
|a Van Matre, Joseph G.
|
| 245 |
1 |
0 |
|a Statistics for business and economics /
|c Joseph G. Van Matre, Glenn H. Gilbreath.
|
| 260 |
|
|
|a Dallas, Tex. :
|b Business Publications ;
|a Georgetown, Ont. :
|b Irwin-Dorsey,
|c 1980.
|
| 300 |
|
|
|a xiii, 589 p. :
|b ill. ;
|c 25 cm.
|
| 504 |
|
|
|a Includes bibliographies and index.
|
| 541 |
1 |
|
|e 00001916
|
| 650 |
|
0 |
|a Statistics.
|
| 650 |
|
0 |
|a Commercial statistics.
|
| 650 |
|
0 |
|a Economics
|x Statistical methods.
|
| 700 |
1 |
|
|a Gilbreath, Glenn H.,
|e joint author.
|
| 852 |
4 |
|
|a Ayesha Abed Library
|j General Shelf.
|
| 999 |
|
|
|c 7260
|d 7260
|
| 952 |
|
|
|0 0
|1 0
|2 ddc
|4 0
|6 519_500000000000000_VAN_1980
|7 0
|9 7602
|a BRACUL
|b BRACUL
|c GEN
|d 2010-01-31
|g 0.00
|l 8
|m 81
|o 519.5 VAN
|p 3010001916
|r 2020-01-26
|s 2019-09-19
|t 1
|w 2010-01-31
|y BK
|z Not price in Register
|